|
LDR
| 01861nam a2200517 a 4500 |
|---|
| 001 | 8558 |
|---|
| 003 | CZ-PrJAB |
|---|
| 005 | 20170329092811.0 |
|---|
| 007 | tu |
|---|
| 008 | 010815s2000 xr e 000 0 cze |
|---|
| 015 | | . |
‡acnb001006703 |
|---|
| 020 | | . |
‡a80-7192-443-1
‡q(brož.) :
‡cKč 135,00 |
|---|
| 035 | | . |
‡a(CZ PrNK)cpk20011006703 |
|---|
| 035 | | . |
‡a(OCoLC)85013127 |
|---|
| 040 | | . |
‡aABA001
‡bcze |
|---|
| 041 | 1 | . |
‡acze
‡hfre |
|---|
| 072 | | 7. |
‡a27-4
‡xPraktická teologie. Morální teologie
‡2Konspekt
‡95 |
|---|
| 080 | | . |
‡a27-452
‡2MRF |
|---|
| 080 | | . |
‡a27-555
‡2MRF |
|---|
| 080 | | . |
‡a27-584
‡2MRF |
|---|
| 080 | | . |
‡a27-4
‡2MRF |
|---|
| 080 | | . |
‡a27-277.2
‡2MRF |
|---|
| 080 | | . |
‡a(0:82-4)
‡2MRF |
|---|
| 100 | 1 | . |
‡aBlaquièr, Georgette
‡7jn20020716098
‡4aut |
|---|
| 245 | 1 | 0. |
‡aOdvaha žít lásku :
‡b[o křesťanském manželství jako místu uskutečňování Boží lásky] /
‡cGeorgette Blaquie/225rová ; [z francouzského originálu ... přeložila Jana Švancarová] |
|---|
| 260 | | . |
‡aKostelní Vydří :
‡bKarmelitánské nakladatelství,
‡c2000 |
|---|
| 300 | | . |
‡a135 s. ;
‡c20 cm |
|---|
| 500 | | . |
‡aPodnázev z obálky |
|---|
| 650 | 0 | 7. |
‡akřesťanské manželství
‡7ph115066
‡2czenas |
|---|
| 650 | 0 | 7. |
‡asvátost manželství
‡7ph135523
‡2czenas |
|---|
| 650 | 0 | 7. |
‡aduchovní život
‡7ph114375
‡2czenas |
|---|
| 650 | 0 | 7. |
‡akřesťanský život
‡7ph122132
‡2czenas |
|---|
| 650 | 0 | 7. |
‡aučení katolické církve
‡7ph135482
‡2czenas |
|---|
| 650 | 0 | 7. |
‡abiblické citáty
‡7ph118853
‡2czenas |
|---|
| 650 | 0 | 9. |
‡aChristian marriage
‡2eczenas |
|---|
| 650 | 0 | 9. |
‡asacrament of marriage
‡2eczenas |
|---|
| 650 | 0 | 9. |
‡aspiritual life
‡2eczenas |
|---|
| 650 | 0 | 9. |
‡aChristian life
‡2eczenas |
|---|
| 650 | 0 | 9. |
‡aCatholic doctrine
‡2eczenas |
|---|
| 650 | 0 | 9. |
‡aBiblical quotations
‡2eczenas |
|---|
| 655 | | 7. |
‡aúvahy
‡7fd134000
‡2czenas |
|---|
| 655 | | 9. |
‡aessays
‡2eczenas |
|---|
| 700 | 1 | . |
‡aŠvancarová, Jana
‡7jn20020716099
‡4trl |
|---|
| 765 | 0 | . |
‡tOser vivre l'amour
‡9Česky |
|---|
| 910 | | . |
‡aABG312 |
|---|
| 901 | | . |
‡a8558
‡bUnknown
‡c8558
‡tbiblio |
|---|